El Constitucional
Descripción Física:
44 cm
MARC
| LEADER | 00000nam a2200000Ia 4500 | ||
|---|---|---|---|
| 001 | |||
| 008 | 160829s9999 xx 000 0 cat d | ||
| 008 | 160829s9999 xx 000 0 cat d | ||
| 080 | |a Revistes | ||
| 245 | |a El Constitucional | ||
| 260 | |a [Barcelona] : |b Imprenta del Constitucional, [1837 - 1843] | ||
| 300 | |a 44 cm | ||
| 362 | |a Núm. 1 (1837) - | ||
| 590 | |a Diària, amb irregularitats. | ||
| 590 | |a Descripció basada en: núm. 226 (3 de febrer 1840). | ||
| 590 | |a Prové de 120 | ||
| 650 | |a Barcelona |x Política i govern |x S. XIX |x Diaris |9 46705 | ||
| 866 | |a 1840 (226) | ||
| 901 | |a Arxiu | ||
| 942 | |n 1 | ||
| 952 | |0 0 |1 0 |4 0 |6 REVISTES |7 1 |9 53400 |a Arxiu |b Arxiu |d 2016-12-01 |l 0 |o Revistes |r 2016-12-01 00:00:00 |w 2016-12-01 |y ARXIU | ||
| 999 | |c 57265 |d 57265 | ||